| 000 | 00735nam a2200205 a 4500 | ||
|---|---|---|---|
| 005 | 20210219160448.0 | ||
| 008 | 081109s2000 mx r 000 0 spa d | ||
| 020 | _a8484323684 (Editorial Crítica, S.L.) | ||
| 020 | _a92-3-303646-4 | ||
| 035 | _aUPN01000165952 | ||
| 049 | _aUNE | ||
| 080 | _a301.15 "313" (100) "2002" KEY. | ||
| 245 | 0 | 0 | _aClaves para el siglo XXI/ Coordinación editorial de Jerome Bindé; traducción castellana de Elena Grau; Prefacio de Koichiro Matsuura, Director General de la UNESCO. |
| 260 | _aParís: UNESCO; España: Editorial Crítica, S. L., 2002. | ||
| 300 | _a503 p. | ||
| 690 | _aFuturología | ||
| 690 | _aProblema mundial | ||
| 690 | _aGlobalización- Sociedad futura | ||
| 905 | _aUNESCO | ||
| 999 |
_c138064 _d138064 |
||